| Registos Bibliográficos associados ao registo de autoridade |
|
Etiqueta de registo: 00000nam 2200025 450 001 2285476 003 http://id.bnportugal.gov.pt/bib/catbnp/2285476 100 ## $a20260429d2024 k y0pory01030103ba 101 0# $aeng$dpor 102 ## $aPT 105 ## $aa m 000yy 106 ## $ar 200 1# $aIntegration, monitoring, and assessment of sustainability in higher education institutions$fClaudio Ruy Portela de Vasconcelos$gorient. Paula Varandas Ferreira, Maria Madalena Araújo 210 #9 $a[S.l.$cs.n.],$d2024 215 ## $aXVIII, 358 p.$cil.$d30 cm 328 #1 $aTese dout. Industrial and Systems Engineering, Escola de Engenharia, Universidade
do Minho, 2024 675 ## $a004.9(81)(043)$vBN$zpor$31397987 675 ## $a378(81)(043)$vBN$zpor$31297953 700 #1 $aVasconcelos,$bClaudio Ruy Portela de$31997235 702 #1 $aFerreira,$bPaula Varandas$4727$31143695 702 #1 $aAraújo,$bMadalena,$f1954-$4727$3356772 801 #0 $aPT$bBN$gRPC 966 ## $lBN$mFGMON$sP. 73114 V.$x1 971 ## $corlando$d20260429 973 ## $cigoulao$d20260625 975 ## $e0$d20260630$viquintas
|
|
|